Géographie de l'Europe par lettre - T - Statistiques

Statistiques générales
  • Ce quiz a été pris 297 fois
  • Le résultat moyen est 10 sur 20
Statistiques - réponses
Indice Réponse % Correct
Capitale piémontaise, quatrième ville la plus peuplée d'Italie Turin
96%
Pays d'Europe centrale, sa capitale est Prague Tchéquie
92%
Fleuve de Londres Tamise
88%
Ville rose, capitale de l'Occitanie et quatrième plus peuplée de France Toulouse
88%
Pays principalement asiatique possédant une petite partie des balkans Turquie
88%
Capitale albanaise Tirana
81%
On dit que Dracula vit dans cette région culturelle et historique de Roumanie Transylvanie
80%
Fleuve de Rome Tibre
71%
Région italienne de Florence Toscane
67%
Long fleuve ibérique se jetant dans l'océan atlantique à Lisbonne Tage
49%
Deuxième ville la plus peuplée de Grèce Thessalonique
49%
Cap espagnol, lieu d'une grande défaite navale de Napoléon Cap de {Trafalgar}
41%
Région montagneuse partagée entre Autriche et Italie Tyrol
37%
État non-reconnu, proclamé dans l'est de la Moldavie Transnistrie
27%
Mer surtout italienne, entre la péninsule, la Sardaigne et la Sicile Mer {Tyrrhénienne}
26%
Land de l'Allemagne de l'est Thuringe
24%
Seul canton suisse majoritairement italophone Tessin
20%
Région historique partagée entre Grèce et Bulgarie Thrace
19%
Lac suisse Lac de {Thoune}
7%
Comté du sud de la Norvège Telemark
2%
Aucun quiz correspondant
Distribution des résultats
% des personnes avec chaque résultat
Percentile par nombre de réponses
Votre historique - résultats
Vous n’avez pas pris ce quiz